000 00592nam a2200133Ia 4500
008 150609s9999 xx 000 0 und d
050 _aHF 5549.5.M63
_b.Sa535 2015
100 _aSan Diego, Rey Benedict E.
245 _aEngagement among permanent and non- manegerial employees of municipal development fund office (MDFO) of the department of finance /
_cRey Benedict E. San Diego.
260 _aLas PiƱas, Philippines :
_bSISC,
_c2015.
300 _a58 pages:
_billustrations ;
_c28 cm.
500 _aIncludes bibliographical references and appendices.
650 _aOrganizational Commitment
999 _c285017
_d285017